[Event "Tournoi francophone 002 Groupe B"]
[Site "Skype"]
[Date "????.??.??"]
[Round "1.1"]
[White "Rochette, Mathieu"]
[Black "Duthoit, Bernard"]
[Result "0-1"]
[WhiteElo "1604"]
[BlackElo "1585"]
[PlyCount "74"]

1. d4 e5 2. dxe5 Nc6 3. Nf3 Qe7 4. e3 Nxe5 5. Be2 Nf6 6. Nc3 d6 7. O-O b6 8.
Bb5+ Bd7 9. Nd5 Nxf3+ 10. Qxf3 Nxd5 11. Qxd5 Rc8 12. Qb7 c6 13. Bd3 Be6 14. Qa6
g6 15. b3 Bg7 16. Rb1 O-O 17. Rd1 c5 18. e4 d5 19. exd5 Bxd5 20. Bxg6 Bb7 21.
Bxh7+ Kxh7 22. Qxa7 Qe2 23. Be3 Rb8 24. Rd2 Qg4 25. f3 Bxf3 26. Rf1 Bb7 27.
Qxb6 Bxg2 28. Rxg2 Qxg2+ 29. Kxg2 Rxb6 30. Bxc5 Rg6+ 31. Kf3 Rf6+ 32. Ke2 Re8+
33. Be3 Rxf1 34. Kxf1 Rxe3 35. a4 Rc3 36. a5 Rxc2 37. a6 Ra2 0-1

[Event "Tournoi francophone 002 Groupe B"]
[Site "Skype"]
[Date "????.??.??"]
[Round "1.2"]
[White "Malbec, Robert"]
[Black "Legueltel, Daniel"]
[Result "0-1"]
[WhiteElo "1500"]
[BlackElo "1737"]
[PlyCount "94"]

1. e4 e5 2. Nf3 Nf6 3. Nxe5 d6 4. Nf3 Nxe4 5. Qe2 Qe7 6. d3 Nf6 7. Bg5 Qxe2+ 8.
Bxe2 Be7 9. O-O O-O 10. c3 d5 11. d4 h6 12. Bf4 c6 13. Nbd2 Bf5 14. Rfe1 Nbd7
15. Nh4 Bh7 16. Nhf3 Rfe8 17. h3 Bf8 18. Nh2 Ne4 19. Nxe4 Bxe4 20. Bg4 Nf6 21.
Bf3 Re6 22. Bxe4 dxe4 23. Be5 Nd7 24. Bf4 f5 25. g4 fxg4 26. Nxg4 Rg6 27. Kh1
Re8 28. f3 h5 29. Ne5 Nxe5 30. Bxe5 exf3 31. Rf1 Rg2 32. Rab1 Re2 33. Rxf3 Kh7
34. Rf7 c5 35. a3 cxd4 36. cxd4 Re3 37. Kg2 Rc8 38. Rbf1 Rc2+ 39. Kg1 Bc5 40.
Rxg7+ Kh6 41. Rgf7 Bxd4 42. Bf4+ Kg6 43. Bxe3 Bxe3+ 44. Kh1 Kg5 45. Rg7+ Kh4
46. Rxb7 Kg3 47. Re7 Rh2# 0-1

[Event "Tournoi francophone 002 Groupe B"]
[Site "Skype"]
[Date "????.??.??"]
[Round "1.3"]
[White "Fouquereau, Andre"]
[Black "Briere, Jean"]
[Result "0-1"]
[WhiteElo "1452"]
[BlackElo "1487"]
[PlyCount "96"]

1. e4 e5 2. c3 Nf6 3. Qc2 Bc5 4. h3 d6 5. Nf3 Nc6 6. Bb5 Bd7 7. O-O O-O 8. a4
a6 9. Bc4 Be6 10. Be2 h6 11. d3 d5 12. Nbd2 d4 13. b4 Ba7 14. c4 Nxb4 15. Qb1
Qd6 16. Ba3 Bc5 17. Nxe5 Qxe5 18. Bxb4 b6 19. Bxc5 Qxc5 20. Nf3 Nh5 21. Qb2
Rfd8 22. Nh4 Nf4 23. Qd2 Qg5 24. Kh1 Qxh4 25. Bg4 Qg5 26. g3 Nxh3 27. Qxg5 Nxg5
28. Bxe6 Nxe6 29. f4 Re8 30. Kg2 Nc5 31. Ra3 g6 32. Kf3 f5 33. e5 Kf7 34. Re1
g5 35. Rh1 Rh8 36. fxg5 hxg5 37. Rb1 Ke6 38. a5 Rab8 39. axb6 Rxb6 40. Rd1 Kxe5
41. Ra5 Kd6 42. Rd2 Rb3 43. Kg2 Re8 44. Kh3 Re3 45. Kg2 Rexd3 46. Rxd3 Rxd3 47.
Kf2 f4 48. gxf4 gxf4 0-1

[Event "Tournoi francophone 002 Groupe B"]
[Site "Skype"]
[Date "????.??.??"]
[Round "1.4"]
[White "L'Herbon De Lussats, Jean"]
[Black "Megelas, Florent"]
[Result "0-1"]
[WhiteElo "1454"]
[BlackElo "1705"]
[PlyCount "130"]

1. e4 e5 2. Nf3 Nc6 3. d4 exd4 4. Nxd4 Bc5 5. Nf3 d6 6. a3 Nf6 7. Bd3 Ng4 8.
O-O O-O 9. h3 Nge5 10. Be3 Bxe3 11. fxe3 Nxd3 12. cxd3 Qf6 13. d4 Qg6 14. Kh2
Qxe4 15. Qe2 Re8 16. Re1 Bd7 17. Nc3 Qg6 18. Nd5 Rac8 19. Qf2 Ne7 20. Nf4 Qh6
21. Re2 Nf5 22. g3 Ne7 23. h4 Ng6 24. Ng2 Re7 25. e4 Rce8 26. Rae1 Bg4 27. Re3
Bxf3 28. Qxf3 c6 29. Kh3 Re6 30. g4 Rf6 31. Qe2 Nf4+ 32. Nxf4 Qxf4 33. Qg2 Kf8
34. g5 Rf5 35. Qg3 Qxg3+ 36. Kxg3 Rb5 37. b4 a5 38. a4 Rxb4 39. d5 cxd5 40.
exd5 Rxe3+ 41. Rxe3 Rxa4 42. Rc3 Rd4 43. Rc8+ Ke7 44. Rc7+ Ke8 45. Rxb7 Rxd5
46. Rb8+ Kd7 47. Rb7+ Ke6 48. Ra7 Rd3+ 49. Kf4 Rd4+ 50. Kg3 a4 51. Ra8 Kf5 52.
Rh8 a3 53. Ra8 Rd3+ 54. Kf2 d5 55. Ke2 Rh3 56. Ra4 a2 57. Kf2 Rxh4 58. Rxh4
a1=Q 59. Rxh7 Qb2+ 60. Ke3 d4+ 61. Kd3 Qc3+ 62. Ke2 Qe3+ 63. Kd1 d3 64. Rxg7
Qe2+ 65. Kc1 Qc2# 0-1

[Event "Tournoi francophone 002 Groupe B"]
[Site "Skype"]
[Date "????.??.??"]
[Round "1.5"]
[White "Thoune, Jim"]
[Black "Sauvaget, Joel"]
[Result "1/2-1/2"]
[WhiteElo "1562"]
[BlackElo "1561"]
[PlyCount "86"]

1. d4 d5 2. Nf3 Nf6 3. Bf4 e6 4. e3 Bd6 5. Bxd6 Qxd6 6. Bd3 h6 7. Nc3 Nc6 8. a3
O-O 9. O-O Re8 10. Nb5 Qd8 11. c4 a6 12. Nc3 Ne7 13. c5 c6 14. Rc1 Qc7 15. Ne5
Ng6 16. f4 Rf8 17. Bxg6 fxg6 18. Nxg6 Rf7 19. Ne5 Rf8 20. Qf3 Bd7 21. Qg3 Be8
22. Qh4 Bh5 23. g4 Be8 24. g5 hxg5 25. Qxg5 Nh7 26. Qg4 Qe7 27. Rf2 Rc8 28. Rg2
Qf6 29. Qh3 Qf5 30. Ng4 Kh8 31. Qh4 Rc7 32. Ne5 Kg8 33. Qd8 Rcf7 34. Nxf7 Bxf7
35. Qh4 Bh5 36. Rg3 Bf7 37. Kh1 Nf6 38. Rg5 Qh7 39. Qxh7+ Nxh7 40. Rg3 Bh5 41.
Rcg1 g6 42. h3 Kg7 43. Kh2 Nf6 1/2-1/2

[Event "Tournoi francophone 002 Groupe B"]
[Site "Skype"]
[Date "????.??.??"]
[Round "2.1"]
[White "Duthoit, Bernard"]
[Black "Sauvaget, Joel"]
[Result "1-0"]
[WhiteElo "1585"]
[BlackElo "1561"]
[PlyCount "65"]

1. e4 e5 2. d4 exd4 3. c3 dxc3 4. Bc4 d6 5. Qb3 Be6 6. Bxe6 fxe6 7. Qxe6+ Qe7
8. Qc8+ Qd8 9. Qxb7 Nd7 10. Nxc3 Be7 11. Nf3 Ngf6 12. O-O O-O 13. Nd5 Nxd5 14.
Qxd5+ Kh8 15. b3 Nf6 16. Qd4 a6 17. e5 dxe5 18. Qxd8 Raxd8 19. Nxe5 Bd6 20. Bb2
Rde8 21. Rfe1 Kg8 22. Nc4 Bb4 23. Rxe8 Rxe8 24. Bxf6 gxf6 25. Kf1 Kf7 26. Ne3
Kg6 27. Rc1 Bd6 28. Nd5 Bxh2 29. g3 h5 30. Nxc7 Rc8 31. Rc4 Kf7 32. Nxa6 Rxc4
33. bxc4 1-0

[Event "Tournoi francophone 002 Groupe B"]
[Site "Skype"]
[Date "????.??.??"]
[Round "2.2"]
[White "Megelas, Florent"]
[Black "Thoune, Jim"]
[Result "0-1"]
[WhiteElo "1705"]
[BlackElo "1562"]
[PlyCount "68"]

1. e4 g6 2. d4 d6 3. Nf3 Bg7 4. Bc4 e6 5. O-O Ne7 6. c3 O-O 7. Bg5 Nd7 8. Nbd2
c5 9. d5 e5 10. a3 Nb6 11. Bd3 Qc7 12. c4 f5 13. Bxe7 Qxe7 14. Re1 a5 15. Rb1
fxe4 16. Nxe4 Bg4 17. Ned2 Bh6 18. b3 Bxd2 19. Qxd2 Bxf3 20. gxf3 Rxf3 21. Re3
Qg5+ 22. Kh1 Qf4 23. Re2 Qd4 24. Rd1 Raf8 25. Kg2 Qg4+ 26. Kh1 Rh3 27. Rg1 Qf3+
28. Rg2 Qxd3 29. Qxd3 Rxd3 30. Rg3 Rxg3 31. hxg3 Rf3 32. Rb2 Nd7 33. Kg2 Rc3
34. a4 Nf6 0-1

[Event "Tournoi francophone 002 Groupe B"]
[Site "Skype"]
[Date "????.??.??"]
[Round "2.3"]
[White "Briere, Jean"]
[Black "L'Herbon De Lussats, Jean"]
[Result "1-0"]
[WhiteElo "1487"]
[BlackElo "1454"]
[PlyCount "123"]

1. e4 c5 2. Nf3 Nc6 3. d4 cxd4 4. Nxd4 e5 5. Nxc6 bxc6 6. Bc4 Nf6 7. Nc3 Bc5 8.
O-O Bb7 9. Re1 O-O 10. h3 d5 11. exd5 cxd5 12. Bb3 e4 13. Bg5 h6 14. Bxf6 Qxf6
15. Re2 Qg5 16. Nxd5 Rad8 17. c4 Bc8 18. Kh1 Qe5 19. f4 Qe6 20. Qe1 f5 21. Qg3
Qf7 22. Bd1 Rd6 23. Rc2 Rg6 24. Qh4 Be6 25. Bh5 Re8 26. Bxg6 Qxg6 27. Nc7 Rc8
28. Nxe6 Qxe6 29. Rd1 e3 30. Rd8+ Rxd8 31. Qxd8+ Kh7 32. Qd5 Qe7 33. Qxf5+ g6
34. Qe5 Qf8 35. Rc3 g5 36. Qe4+ Kg7 37. fxg5 Qf1+ 38. Kh2 Bd6+ 39. g3 Qf2+ 40.
Qg2 Qe1 41. gxh6+ Kxh6 42. Rc2 Qd1 43. Qe2 Qd4 44. Rc3 Qe5 45. Qxe3+ Kh5 46.
Qxe5+ Bxe5 47. Rc2 Bd6 48. c5 Bc7 49. Kg2 Kg5 50. c6 Kf5 51. Re2 a5 52. a3 a4
53. Kf3 Kg5 54. Re4 Kf5 55. g4+ Kg5 56. Rxa4 Kh4 57. b4 Kxh3 58. g5 Kh4 59. g6
Be5 60. c7 Bxc7 61. g7 Be5 62. g8=Q 1-0

[Event "Tournoi francophone 002 Groupe B"]
[Site "Skype"]
[Date "????.??.??"]
[Round "2.4"]
[White "Legueltel, Daniel"]
[Black "Fouquereau, Andre"]
[Result "1-0"]
[WhiteElo "1737"]
[BlackElo "1452"]
[PlyCount "59"]

1. d4 d5 2. c4 c6 3. e3 Nf6 4. Nc3 Bf5 5. Nf3 h6 6. cxd5 cxd5 7. Bb5+ Bd7 8.
Bd3 Bg4 9. h3 Bxf3 10. Qxf3 e6 11. O-O Be7 12. Qg3 Rg8 13. Nb5 Na6 14. b3 Kf8
15. Bb2 Nb4 16. Bb1 a6 17. Nc3 Bd6 18. Qf3 Nc6 19. Rc1 Ne7 20. e4 Ng6 21. e5
Nh4 22. Qe2 Ne4 23. Nxe4 dxe4 24. exd6 Qg5 25. Qg4 Qxg4 26. hxg4 Ng6 27. Bxe4
Rb8 28. d7 Ke7 29. Rc7 Rgd8 30. Ba3+ 1-0

[Event "Tournoi francophone 002 Groupe B"]
[Site "Skype"]
[Date "????.??.??"]
[Round "2.5"]
[White "Rochette, Mathieu"]
[Black "Malbec, Robert"]
[Result "1-0"]
[WhiteElo "1604"]
[BlackElo "1500"]
[PlyCount "56"]

1. d4 d5 2. c4 Nf6 3. Nc3 Bg4 4. Qb3 b6 5. cxd5 c6 6. e4 cxd5 7. e5 Nfd7 8.
Nxd5 e6 9. Bg5 f6 10. exf6 gxf6 11. Bxf6 Nxf6 12. Bb5+ Nbd7 13. Nf4 Qe7 14. f3
e5 15. Nd5 Qd6 16. Nxf6+ Qxf6 17. fxg4 exd4 18. Ne2 O-O-O 19. Rc1+ Bc5 20. Rf1
Qe7 21. Ba6+ Kc7 22. Qg3+ Ne5 23. Rf5 Kd6 24. a3 b5 25. Bxb5 Rb8 26. Rxc5 Rhe8
27. Bxe8 Kxc5 28. Rxe5+ Qxe5 1-0

[Event "Tournoi francophone 002 Groupe B"]
[Site "Skype"]
[Date "????.??.??"]
[Round "3.1"]
[White "Malbec, Robert"]
[Black "Duthoit, Bernard"]
[Result "0-1"]
[WhiteElo "1500"]
[BlackElo "1585"]
[PlyCount "53"]

1. e4 e6 2. d4 d5 3. Nc3 dxe4 4. Nxe4 Nf6 5. Bg5 Be7 6. Nc3 Nc6 7. Nf3 b6 8.
Bb5 Bb7 9. O-O O-O 10. Re1 Nd5 11. Bxe7 Ncxe7 12. Nxd5 Bxd5 13. c4 Bxf3 14.
gxf3 c6 15. Ba4 Rc8 16. Bc2 c5 17. Re4 Nf5 18. Qd3 cxd4 19. Rxd4 Qxd4 20. Qxd4
Nxd4 21. Bb3 Nxf3+ 22. Kg2 Nd2 23. Rc1 b5 24. Rc2 Nxb3 25. axb3 Rfd8 26. c5 Rd4
27. b4 0-1

[Event "Tournoi francophone 002 Groupe B"]
[Site "Skype"]
[Date "????.??.??"]
[Round "3.2"]
[White "Fouquereau, Andre"]
[Black "Rochette, Mathieu"]
[Result "1-0"]
[WhiteElo "1452"]
[BlackElo "1604"]
[PlyCount "23"]

1. e4 c5 2. Nf3 d6 3. c3 Nc6 4. Bb5 Bd7 5. Bxc6 Bxc6 6. d4 cxd4 7. Nxd4 Rc8 8.
Nxc6 Rxc6 9. Be3 a6 10. O-O Nf6 11. e5 Ng4 12. Qxg4 1-0

[Event "Tournoi francophone 002 Groupe B"]
[Site "Skype"]
[Date "????.??.??"]
[Round "3.3"]
[White "L'Herbon De Lussats, Jean"]
[Black "Legueltel, Daniel"]
[Result "0-1"]
[WhiteElo "1454"]
[BlackElo "1737"]
[PlyCount "64"]

1. d4 d5 2. c4 c6 3. cxd5 cxd5 4. Nc3 e6 5. a3 Nf6 6. Nf3 Be7 7. e3 Nc6 8. Qc2
Bd7 9. e4 dxe4 10. Nxe4 Rc8 11. Qd3 Na5 12. b3 Nxe4 13. Qxe4 Nxb3 14. Rb1 Rxc1+
15. Rxc1 Nxc1 16. Qxb7 O-O 17. Ne5 Qa5+ 18. Kd1 Nb3 19. Nf3 Qa4 20. Ke1 Bxa3
21. Bd3 Bb4+ 22. Ke2 Bc6 23. Qc7 Bxf3+ 24. gxf3 Nxd4+ 25. Ke3 Nf5+ 26. Bxf5
exf5 27. Rg1 Qb3+ 28. Kf4 Qd5 29. Qxa7 Bd6+ 30. Kg5 Qxf3 31. Qd4 Be7+ 32. Qf6
Bxf6# 0-1

[Event "Tournoi francophone 002 Groupe B"]
[Site "Skype"]
[Date "????.??.??"]
[Round "3.4"]
[White "Thoune, Jim"]
[Black "Briere, Jean"]
[Result "1-0"]
[WhiteElo "1562"]
[BlackElo "1487"]
[PlyCount "161"]

1. d4 d5 2. Nf3 Nc6 3. e3 Nf6 4. c3 Bf5 5. Bd3 Ne4 6. O-O e6 7. Qc2 Bd6 8. Nbd2
Nxd2 9. Bxd2 Bxd3 10. Qxd3 O-O 11. e4 dxe4 12. Qxe4 Re8 13. Rfe1 Qc8 14. Ng5 g6
15. Qh4 h5 16. f4 Ne7 17. Ne4 Nf5 18. Nf6+ Kf8 19. Qf2 Re7 20. Ne4 Qd8 21. Re2
Rc8 22. Rae1 Re8 23. Ng5 Be7 24. Rxe6 Qd7 25. R6e2 c5 26. Kh1 cxd4 27. cxd4
Nxd4 28. Rxe7 Rxe7 29. Bb4 Ne6 30. Nxe6+ fxe6 31. Qh4 Kf7 32. f5 exf5 33. Qxe7+
Qxe7 34. Bxe7 Rc2 35. Ba3 b5 36. Rb1 a5 37. Bd6 a4 38. Kg1 Ke6 39. Bb4 g5 40.
a3 f4 41. Re1+ Kf5 42. Bc3 Kg4 43. Kf1 h4 44. Bf6 Kf5 45. Bd4 Rc4 46. Bf2 b4
47. axb4 Rxb4 48. Re2 Kg4 49. h3+ Kf5 50. Bc5 Rb3 51. Bd4 Rb5 52. Rc2 g4 53.
Rc5+ Rxc5 54. Bxc5 gxh3 55. gxh3 Ke4 56. Kf2 Kf5 57. Kf3 Ke5 58. Bf2 Kf5 59.
Bxh4 Kg6 60. Kxf4 Kh5 61. Kg3 Kh6 62. Kg4 Kg6 63. Bg5 Kh7 64. Kf5 Kg7 65. h4
Kf7 66. h5 Kg7 67. h6+ Kh7 68. Kf6 Kg8 69. Kg6 Kf8 70. Bf6 Ke8 71. h7 Kd7 72.
h8=Q Kc6 73. Qd8 Kc5 74. Qd4+ Kb5 75. Bd8 Kc6 76. Kf6 Kb5 77. Qc3 Ka6 78. Qc6+
Ka7 79. Bb6+ Ka6 80. Bc5+ Ka5 81. Qb6# 1-0

[Event "Tournoi francophone 002 Groupe B"]
[Site "Skype"]
[Date "????.??.??"]
[Round "3.5"]
[White "Sauvaget, Joel"]
[Black "Megelas, Florent"]
[Result "1/2-1/2"]
[WhiteElo "1561"]
[BlackElo "1705"]
[PlyCount "60"]

1. d4 d5 2. Nf3 c6 3. e3 Nf6 4. Bd3 Nbd7 5. Nbd2 e6 6. O-O Bd6 7. h3 h6 8. Re1
O-O 9. e4 dxe4 10. Nxe4 Nxe4 11. Bxe4 Qf6 12. c3 e5 13. dxe5 Nxe5 14. Nxe5 Bxe5
15. Qf3 Qxf3 16. Bxf3 Bf6 17. Bf4 Be6 18. a3 Rad8 19. Rad1 Bb3 20. Rxd8 Rxd8
21. Kh2 g5 22. Be3 a6 23. g4 Be5+ 24. Kg2 f6 25. Re2 Bd5 26. Rd2 Bxf3+ 27. Kxf3
Rxd2 28. Bxd2 Kf7 29. Ke4 Ke6 30. b4 Bd6 1/2-1/2

[Event "Tournoi francophone 002 Groupe B"]
[Site "Skype"]
[Date "????.??.??"]
[Round "4.1"]
[White "Duthoit, Bernard"]
[Black "Megelas, Florent"]
[Result "1-0"]
[WhiteElo "1585"]
[BlackElo "1705"]
[PlyCount "33"]

1. e4 e5 2. d4 exd4 3. c3 Nf6 4. e5 Qe7 5. cxd4 d6 6. Nf3 Nc6 7. Bb5 Bd7 8. O-O
dxe5 9. Bxc6 Bxc6 10. Nxe5 g6 11. Nxc6 bxc6 12. Re1 Ne4 13. f3 f5 14. fxe4 fxe4
15. Nc3 Qd6 16. Nxe4 Qd8 17. Bg5 1-0

[Event "Tournoi francophone 002 Groupe B"]
[Site "Skype"]
[Date "????.??.??"]
[Round "4.2"]
[White "Briere, Jean"]
[Black "Sauvaget, Joel"]
[Result "1-0"]
[WhiteElo "1487"]
[BlackElo "1561"]
[PlyCount "113"]

1. e4 e5 2. Nf3 d6 3. Bc4 h6 4. Nc3 Nf6 5. O-O Be7 6. d3 O-O 7. h3 Nc6 8. Be3
Bd7 9. a3 a6 10. Qd2 Re8 11. Bxh6 gxh6 12. Qxh6 Bf8 13. Qg5+ Bg7 14. Qg6 Be6
15. Bxe6 Rxe6 16. Qg5 Nh7 17. Qh5 Rh6 18. Qg4 Rg6 19. Qh4 Qxh4 20. Nxh4 Re6 21.
Nf5 Ne7 22. Nxe7+ Rxe7 23. Nd5 Rd7 24. f4 exf4 25. Rxf4 Re8 26. Raf1 Re6 27. g4
Nf6 28. Nxf6+ Bxf6 29. Rxf6 Rxf6 30. Rxf6 Kg7 31. g5 Rd8 32. Kg2 Rh8 33. Kg3
Re8 34. Kf4 Re6 35. Rf5 Kg6 36. h4 b6 37. Kg4 a5 38. h5+ Kg7 39. h6+ Kg6 40. h7
Kxh7 41. Rxf7+ Kg6 42. Rxc7 Re5 43. Rd7 Rxg5+ 44. Kf4 Rg2 45. Rxd6+ Kf7 46. Rc6
Ke7 47. d4 Kd7 48. d5 Rg7 49. Rxb6 Kc7 50. Rc6+ Kb7 51. e5 Re7 52. Ke4 Rc7 53.
Rxc7+ Kxc7 54. Kd4 Kb6 55. e6 Kc7 56. e7 Kd7 57. d6 1-0

[Event "Tournoi francophone 002 Groupe B"]
[Site "Skype"]
[Date "????.??.??"]
[Round "4.3"]
[White "Legueltel, Daniel"]
[Black "Thoune, Jim"]
[Result "1/2-1/2"]
[WhiteElo "1737"]
[BlackElo "1562"]
[PlyCount "84"]

1. d4 Nf6 2. c4 e6 3. Nc3 Bb4 4. Qc2 O-O 5. a3 Bxc3+ 6. bxc3 b6 7. Bg5 d6 8.
Nf3 Bb7 9. e3 h6 10. Bh4 Nbd7 11. Be2 Re8 12. O-O Qc8 13. Rfd1 e5 14. d5 Kh8
15. Bd3 e4 16. Be2 exf3 17. Bxf3 Qd8 18. Rd4 Nf8 19. Re1 Ng6 20. Bg3 Ne5 21.
Be2 Bc8 22. Bh4 g5 23. Bg3 Qe7 24. f4 Neg4 25. fxg5 hxg5 26. Bxg4 Bxg4 27. Qf2
Ne4 28. Qc2 Bf5 29. Qe2 Bg6 30. Qg4 Kg7 31. h4 Nxg3 32. Qxg3 gxh4 33. Rxh4 Rh8
34. Rf4 Rh5 35. Ref1 f5 36. Rxf5 Rxf5 37. Rxf5 Re8 38. Rf3 Qe5 39. Qxe5+ Rxe5
40. Kf2 Bd3 41. Rf4 Re4 42. Rxe4 Bxe4 1/2-1/2

[Event "Tournoi francophone 002 Groupe B"]
[Site "Skype"]
[Date "????.??.??"]
[Round "4.4"]
[White "Rochette, Mathieu"]
[Black "L'Herbon De Lussats, Jean"]
[Result "1-0"]
[WhiteElo "1604"]
[BlackElo "1454"]
[PlyCount "75"]

1. d4 Nf6 2. c4 e6 3. Nf3 c5 4. e3 Nc6 5. Nc3 cxd4 6. Nxd4 Bb4 7. Qc2 O-O 8.
Bd3 g6 9. Nde2 d5 10. O-O d4 11. Nb5 e5 12. exd4 exd4 13. Bf4 Be6 14. Nc7 Rc8
15. Nxe6 fxe6 16. Bg5 Kg7 17. c5 e5 18. a3 Ba5 19. Ng3 Qe8 20. Bxf6+ Rxf6 21.
Ne4 Bd8 22. Nd6 Qf8 23. Nxc8 Bc7 24. Nd6 Bxd6 25. cxd6 Qxd6 26. Rac1 b6 27. Be4
Na5 28. Qc7+ Kh6 29. Qxa7 d3 30. Qc7 d2 31. Qxd6 Rxd6 32. Rcd1 Nb3 33. f3 Kg5
34. Rf2 h5 35. Bc2 Nd4 36. Rfxd2 Kf4 37. Kf2 g5 38. g3# 1-0

[Event "Tournoi francophone 002 Groupe B"]
[Site "Skype"]
[Date "????.??.??"]
[Round "4.5"]
[White "Malbec, Robert"]
[Black "Fouquereau, Andre"]
[Result "1-0"]
[WhiteElo "1500"]
[BlackElo "1452"]
[PlyCount "72"]

1. e4 e5 2. Nf3 d6 3. Bc4 Be7 4. d4 exd4 5. Qxd4 Bf6 6. Qd1 Nc6 7. c3 Qe7 8.
Qc2 Be6 9. Bd3 O-O-O 10. O-O Nh6 11. b4 Ng4 12. b5 Nce5 13. Nxe5 Bxe5 14. Nd2
Bxh2+ 15. Kh1 Nxf2+ 16. Rxf2 Bg3 17. Nf3 Bxf2 18. Qxf2 b6 19. Bg5 f6 20. Bd2 h5
21. Qd4 h4 22. Qa4 Kb8 23. Nd4 Bd7 24. Qa6 Qe8 25. a4 Ka8 26. a5 Bc8 27. Qxa7+
Kxa7 28. Nc6+ Kb7 29. axb6 Qxc6 30. Ra7+ Kb8 31. bxc6 cxb6 32. Rxg7 Rdf8 33.
Bf4 Ka8 34. Bc4 h3 35. g3 Re8 36. Bd5 Rd8 1-0

[Event "Tournoi francophone 002 Groupe B"]
[Site "Skype"]
[Date "????.??.??"]
[Round "5.1"]
[White "Fouquereau, Andre"]
[Black "Duthoit, Bernard"]
[Result "0-1"]
[WhiteElo "1452"]
[BlackElo "1585"]
[PlyCount "96"]

1. e4 e6 2. c3 d5 3. e5 c5 4. Nf3 Nc6 5. Bb5 Bd7 6. O-O Nxe5 7. Bxd7+ Nxd7 8.
d4 Ngf6 9. Bg5 Be7 10. Re1 Ne4 11. Bf4 cxd4 12. cxd4 Bg5 13. Nxg5 Nxg5 14. Qg4
h6 15. Bxg5 Qxg5 16. Qd1 O-O 17. Re3 Qe7 18. Rg3 Nf6 19. Nd2 Rac8 20. Rc1 Rc7
21. Rxc7 Qxc7 22. Rc3 Qb6 23. Nb3 Ne4 24. Rc2 a6 25. Nc5 Nxc5 26. dxc5 Qb5 27.
Qd2 Rc8 28. b4 Qd7 29. Rc4 Qe7 30. Rg4 Qf6 31. h3 Rd8 32. Rg3 d4 33. f4 Rd5 34.
Rf3 Rf5 35. Kh2 Qd8 36. Rd3 Rd5 37. g3 f6 38. Qf2 e5 39. fxe5 fxe5 40. Qf5 Qf6
41. Qe4 Rd7 42. Rf3 Qe6 43. Kg2 Qxa2+ 44. Rf2 Qe6 45. Rd2 Qd5 46. Qxd5+ Rxd5
47. Kf2 e4 48. Ke2 Kf7 0-1

[Event "Tournoi francophone 002 Groupe B"]
[Site "Skype"]
[Date "????.??.??"]
[Round "5.2"]
[White "L'Herbon De Lussats, Jean"]
[Black "Malbec, Robert"]
[Result "0-1"]
[WhiteElo "1454"]
[BlackElo "1500"]
[PlyCount "72"]

1. e4 c6 2. d4 d5 3. e5 Bf5 4. c4 e6 5. a3 h6 6. Nc3 Bh7 7. Nf3 Ne7 8. cxd5
cxd5 9. Nb5 Nbc6 10. Nd6+ Kd7 11. Nxf7 Qa5+ 12. Bd2 Qb6 13. Bc3 Rg8 14. Qa4 a6
15. Rd1 Qa7 16. Bd3 Bxd3 17. Rxd3 b5 18. Qc2 Ng6 19. Rd2 Nge7 20. O-O Nc8 21.
Qh7 N8e7 22. Rc1 a5 23. b4 axb4 24. axb4 Ke8 25. Nd6+ Kd7 26. Nxb5 Qa4 27. Nd6
Qa3 28. b5 Qxc1+ 29. Rd1 Qxd1+ 30. Be1 Nb4 31. Nd2 Qxe1+ 32. Nf1 Ra1 33. h3
Qxf1+ 34. Kh2 Qxf2 35. b6 Ra2 36. Ne4 Qxg2# 0-1

[Event "Tournoi francophone 002 Groupe B"]
[Site "Skype"]
[Date "????.??.??"]
[Round "5.3"]
[White "Thoune, Jim"]
[Black "Rochette, Mathieu"]
[Result "1-0"]
[WhiteElo "1562"]
[BlackElo "1604"]
[PlyCount "46"]

1. d4 Nf6 2. c4 e6 3. Nc3 Bb4 4. e3 d5 5. Bd2 c6 6. a3 Bd6 7. Nf3 Nbd7 8. Qc2
O-O 9. Rc1 e5 10. cxd5 exd4 11. Nxd4 Nxd5 12. Be2 a6 13. O-O Qc7 14. h3 Bh2+
15. Kh1 Nc5 16. Nxd5 cxd5 17. Qxc5 Re8 18. Qxd5 Qb8 19. Bc4 Be6 20. Nxe6 Rxe6
21. f4 Bg3 22. Rf3 Bh4 23. Qh5 Bf6 1-0

[Event "Tournoi francophone 002 Groupe B"]
[Site "Skype"]
[Date "????.??.??"]
[Round "5.4"]
[White "Sauvaget, Joel"]
[Black "Legueltel, Daniel"]
[Result "0-1"]
[WhiteElo "1561"]
[BlackElo "1737"]
[PlyCount "66"]

1. d4 Nf6 2. Nf3 e6 3. e3 b6 4. Bd3 Bb7 5. Nbd2 Be7 6. O-O O-O 7. Re1 d5 8. e4
dxe4 9. Nxe4 Nbd7 10. c3 c5 11. Nxf6+ Nxf6 12. Be3 cxd4 13. Bxd4 Qc7 14. h3
Rfd8 15. Re3 Nd5 16. Re1 Bf6 17. Qe2 Nf4 18. Qf1 Bxf3 19. gxf3 Nxd3 20. Qxd3 e5
21. Rac1 exd4 22. cxd4 Qd7 23. Qe4 Qxd4 24. Qc6 h6 25. Rcd1 Qxd1 26. Rxd1 Rxd1+
27. Kg2 Rad8 28. Qc7 R1d2 29. Kg3 Rxb2 30. Qxa7 Bd4 31. Qc7 Bxf2+ 32. Kg4 Rd4+
33. Kf5 Rb5+ 0-1

[Event "Tournoi francophone 002 Groupe B"]
[Site "Skype"]
[Date "????.??.??"]
[Round "5.5"]
[White "Megelas, Florent"]
[Black "Briere, Jean"]
[Result "1-0"]
[WhiteElo "1705"]
[BlackElo "1487"]
[PlyCount "115"]

1. e4 e5 2. Nf3 Nc6 3. d4 exd4 4. Nxd4 d6 5. Nc3 Nf6 6. Bc4 Be7 7. O-O Bd7 8.
Re1 O-O 9. b3 a6 10. Nd5 Nxd4 11. Nxe7+ Qxe7 12. Qxd4 Bc6 13. Bd5 Bxd5 14. f3
Rfe8 15. Bb2 Qe5 16. c4 Qxd4+ 17. Bxd4 Bc6 18. a4 b5 19. cxb5 axb5 20. Rec1 Bd7
21. Rxc7 bxa4 22. Bxf6 gxf6 23. Rxd7 axb3 24. Rb1 Reb8 25. Rxd6 b2 26. Rdd1 Kg7
27. Kf2 Ra2 28. Ke2 Rba8 29. Rd2 Rb8 30. Kd3 Rd8+ 31. Kc3 Rxd2 32. Kxd2 Ra1 33.
Rxb2 Rh1 34. h3 Rh2 35. Ke3 Kg6 36. Kf4 h5 37. Kg3 Rh1 38. Rb8 Rg1 39. Rb6 Kg5
40. f4+ Kg6 41. e5 h4+ 42. Kf2 Rc1 43. Rxf6+ Kg7 44. Kf3 Rc3+ 45. Kf2 Rg3 46.
Rd6 Rg6 47. Rxg6+ Kxg6 48. Kf3 Kf5 49. g4+ hxg3 50. Kxg3 Kg6 51. Kg4 Kh6 52.
Kf5 Kg7 53. h4 Kh6 54. Kf6 Kh5 55. Kxf7 Kxh4 56. e6 Kg4 57. e7 Kxf4 58. e8=Q
1-0

[Event "Tournoi francophone 002 Groupe B"]
[Site "Skype"]
[Date "????.??.??"]
[Round "6.1"]
[White "Duthoit, Bernard"]
[Black "Briere, Jean"]
[Result "0-1"]
[WhiteElo "1585"]
[BlackElo "1487"]
[PlyCount "80"]

1. e4 e5 2. d4 exd4 3. c3 Nc6 4. cxd4 d6 5. d5 Ne5 6. Nc3 Nf6 7. Nf3 Bg4 8. Be2
Nxf3+ 9. Bxf3 Bxf3 10. Qxf3 Be7 11. O-O O-O 12. b3 Nd7 13. Bb2 Ne5 14. Qg3 Bf6
15. Ne2 Qe7 16. f4 Ng6 17. Bxf6 Qxf6 18. Qc3 Qxc3 19. Nxc3 a6 20. Rae1 f6 21.
g3 Rac8 22. f5 Ne5 23. h3 g6 24. g4 g5 25. Rd1 c6 26. Ne2 Rfe8 27. dxc6 bxc6
28. Rxd6 Kg7 29. Nd4 c5 30. Ne6+ Kh6 31. Rxa6 Nd3 32. Rd1 Nb4 33. Ra5 c4 34.
bxc4 Rxc4 35. a3 Nc6 36. Ra6 Rc8 37. Re1 Ne5 38. Re3 Rc1+ 39. Kg2 R8c2+ 40. Kg3
Rg1# 0-1

[Event "Tournoi francophone 002 Groupe B"]
[Site "Skype"]
[Date "????.??.??"]
[Round "6.2"]
[White "Legueltel, Daniel"]
[Black "Megelas, Florent"]
[Result "1/2-1/2"]
[WhiteElo "1737"]
[BlackElo "1705"]
[PlyCount "77"]

1. e4 e5 2. Nf3 Nc6 3. Bc4 Bc5 4. Nc3 d6 5. h3 h6 6. d3 Nf6 7. O-O O-O 8. a3
Be6 9. b4 Bb6 10. Nd5 Nd4 11. c3 Nxf3+ 12. Qxf3 Ne8 13. Ne3 Bxc4 14. dxc4 Qf6
15. Qg3 Qf4 16. Qxf4 exf4 17. Nd5 g5 18. a4 c6 19. Ne7+ Kh7 20. a5 Bd8 21. Nf5
Bf6 22. Bb2 Rd8 23. Rfd1 Be5 24. Rd3 Nf6 25. f3 Rd7 26. Rad1 Rfd8 27. Ba3 b6
28. Nd4 Bxd4+ 29. cxd4 c5 30. dxc5 dxc5 31. Rxd7 Rxd7 32. Rxd7 Nxd7 33. axb6
axb6 34. bxc5 bxc5 35. Kf2 Ne5 36. Ke2 Nxc4 37. Bxc5 Ne5 38. Be7 Kg6 39. Bd6
1/2-1/2

[Event "Tournoi francophone 002 Groupe B"]
[Site "Skype"]
[Date "????.??.??"]
[Round "6.3"]
[White "Rochette, Mathieu"]
[Black "Sauvaget, Joel"]
[Result "1/2-1/2"]
[WhiteElo "1604"]
[BlackElo "1561"]
[PlyCount "65"]

1. d4 d5 2. c4 c6 3. Nc3 e6 4. Nf3 Nf6 5. Bg5 Be7 6. Qc2 Nbd7 7. e3 h6 8. Bh4
a6 9. cxd5 exd5 10. Bd3 O-O 11. O-O Re8 12. h3 Nh5 13. Bxe7 Qxe7 14. Rfe1 Qd6
15. Bh7+ Kh8 16. Nh4 Nf8 17. Bf5 Qf6 18. Bxc8 Raxc8 19. Nf3 Qd6 20. e4 dxe4 21.
Nxe4 Qc7 22. Qc5 Nf4 23. Nd6 Rxe1+ 24. Nxe1 Rd8 25. Nf5 N8g6 26. Rd1 Qd7 27.
Nf3 Nd5 28. Qc2 Re8 29. Qd2 Qxf5 30. Qd3 Qe6 31. Re1 Qd7 32. Ne5 Nxe5 33. dxe5
1/2-1/2